| 000 | 00489nam a2200193Ia 4500 | ||
|---|---|---|---|
| 020 | _a0028277376 | ||
| 040 | _cGAC | ||
| 082 | _a570 GLE 1997 A026 Or. | ||
| 100 | 1 | _aDaniel, Lucy. | |
| 245 | 1 | 0 | _aGlencoe life science / |
| 246 | 1 | 8 | _aLife science |
| 260 |
_aNew York, N.Y. : _bGlencoe, _cc1997. |
||
| 300 |
_axxvi, 837 p. : _bcol. ill. ; _c29 cm. |
||
| 500 | _aIncludes index. | ||
| 650 | 0 | _aLife sciences | |
| 700 | 1 | _aOrtleb, Edward Paul. | |
| 700 | 1 | _aBiggs, Alton. | |
| 942 | _cEK | ||
| 999 |
_c13405 _d13405 |
||